Atlas ilustrado de los bolsos /

Imágenes y descripción de treinta bolsas de mano femeninas que han sobresalido en la historia reciente de este accesorio. Algunos de ellos son íconos de la moda, otros son creaciones de diseñadores o de marcas emblemáticas.

Guardado en:
Detalles Bibliográficos
Autor principal: Huey, Sue (autor)
Otros autores: Draffan, Susie (autor) (autor), Pietrus, John-Paul (fotógrafo) (fotógrafo)
Formato: Libro
Idioma:Español
Colección:(Atlas Ilustrado)
Temas:
Etiquetas: Agrega una etiqueta
Sin etiquetas, Sé el primero en etiquetar este registro!

MARC

LEADER 00000nam^a2200000^a^4500
001 000375209
005 20250521000000.0
009 20260310120211.46
020 |a 978-84-677-1270-4 
037 |a Acervo ITESO - Biblioteca 
041 |a ESP 
082 |a 746. 9239  |b HUE 
100 |a Huey, Sue  |e (autor) 
245 1 0 |a Atlas ilustrado de los bolsos /  |c S. Huey, S. Draffan ; fotografía de J.P. Pietrus ; tr. por Pilar Tutor. 
264 |a Madrid, España :  |b Susaeta,  |c copyright fecha no identificada 
300 |a 208 p. 
336 |a texto  |b txt  |2 rdacontenido 
337 |a sin mediación  |b n  |2 rdamedio 
338 |a volumen  |b nc  |2 rdasoporte 
440 1 |a (Atlas Ilustrado) 
500 |a Traducción de: Bags 
520 |a Imágenes y descripción de treinta bolsas de mano femeninas que han sobresalido en la historia reciente de este accesorio. Algunos de ellos son íconos de la moda, otros son creaciones de diseñadores o de marcas emblemáticas. 
649 |a XX 
650 |a Mujeres -  |x Condiciones Sociales y Culturales 
650 |a Bolsas de Mano -  |x Tema Principal 
650 |a Accesorios Personales 
650 |a Moda 
650 |a Diseño Textil 
650 |a Diseño Industrial 
700 |a Draffan, Susie  |e (autor) 
700 |a Pietrus, John-Paul  |e (fotógrafo) 
910 |a Fondo General 
920 |a Impresos - Libros 
930 |a Reserva Especial 
905 |a 103 
901 |a 0500268694  |b IT1  |c REE  |i C151014  |u 20250521 
902 |a https://opac.biblio.iteso.mx/vufind/Record/000375209